Políticas del pasado: indígenas, arqueólogos y estado en Atacama
Salvato in:
| Autore principale: | |
|---|---|
| Natura: | Libro |
| Lingua: | spagnolo |
| Pubblicazione: |
Antofagasta
Universidad Católica del Norte
2008
|
| Edizione: | 1a. ed |
| Soggetti: | |
| Tags: |
Aggiungi Tag
Nessun Tag, puoi essere il primo ad aggiungerne!!
|
MARC
| LEADER | 00000cam a2200000 a 4500 | ||
|---|---|---|---|
| 001 | UCF9132 | ||
| 003 | CL-VaPUC | ||
| 008 | 131025e20080600cl |||||||||||||||||spa|d | ||
| 020 | |a 9789562872690 | ||
| 082 | 0 | 4 | |a 301 |b AYA |2 21 |
| 100 | 0 | |a Ayala Rocabado, Patricia |e author |9 571359 | |
| 245 | 1 | 0 | |a Políticas del pasado: indígenas, arqueólogos y estado en Atacama |
| 250 | |a 1a. ed | ||
| 300 | |a 231 p | ||
| 942 | |c BK | ||
| 945 | |d 20131025 12:28:00 |a dcastane | ||
| 260 | |a Antofagasta |b Universidad Católica del Norte |c 2008 | ||
| 650 | 0 | |a Antropología cultural y social |9 265143 | |
| 650 | 0 | |a Arqueología |9 265619 | |
| 650 | 7 | |a ETNOHISTORIA |2 CL-VaPUC |9 442131 | |
| 583 | |a last modification |c 20131025 12:28:00 |k Rodrigo Vera | ||
| 999 | |c 353617 |d 353615 | ||
| 952 | |0 0 |1 0 |3 erb |4 0 |6 301_000000000000000_AYA_2008 |7 0 |8 A |9 458959 |a BIBHIS |b BIBHIS |d 2019-11-23 |i 5021731 |o 301 AYA 2008 |p 5021731 |r 2025-01-20 |w 2019-11-23 |y BK |z Catalogado en:20131025 |k HIS | ||